MARC

LEADER 00000nam0a2200000 4500
001 306838
005 20250618154707.0
035 |a (RuTPU)RU\TPU\book\332115 
090 |a 306838 
100 |a 20151012d1956 k y0rusy50 ca 
101 0 |a rus 
102 |a RU 
105 |a a z 001zy 
200 1 |a Исследования и расчеты гидротурбин и регуляторов  |e [сборник научных трудов]  |f Всесоюзный научно-исследовательский институт гидромашиностроения (ВИГМ) ; отв. ред. В. С. Квятковский 
210 |a Москва  |c Машгиз  |d 1956 
215 |a 189 с.  |c ил. 
225 1 |a Труды Всесоюзного научно-исследовательского института гидромашиностроения (ВИГМ)  |v Вып. 19 
320 |a Библиогр. в конце ст. 
333 |a Исключено из фонда НТБ ТПУ 
606 1 |a Гидротурбины  |x Исследование  |2 stltpush  |3 (RuTPU)RU\TPU\subj\7039  |9 34778 
610 1 |a расчеты 
610 1 |a исследования 
610 1 |a регуляторы 
610 1 |a пропеллерные турбины 
610 1 |a рабочие колеса 
610 1 |a энергетические качества 
610 1 |a саморегуляция 
675 |a 621.224.001  |v 4 
702 1 |a Квятковский  |b В. С.  |4 340 
712 0 2 |a Всесоюзный институт гидромашиностроения (ВИГМ)  |c (1934-1964)  |c (Москва)  |3 (RuTPU)RU\TPU\col\21152 
801 1 |a RU  |b 63413507  |c 20151012 
801 2 |a RU  |b 63413507  |c 20170919  |g RCR 
850 |a 63413507 
942 |c BK